00733nam a2200229Ia 4500003000400000005001700004008004100021020001300062040000700075082001600082100002200098245006400120250000700184260003500191300003000226500001900256600002100275650005000296942001200346952013000358999001500488OSt20241010063238.0240925s9999 xx 000 0 und d a79120040 cdf a005.133 SHA aNamir, C. Shammas 0aC/C++ Mathematical Algorithms for Scientist and Engineering aNA aToronto:bMc Graw-Hillc,1990. axviii,734p.bNAfOriginal aIncludes Index aComputer Science aComputer science, information & general works cBK2ddc 001040708CSaUITUbUITUd1998-02-12eFair Book Centerg1304.00l0o005.133 SHApQ1824r2024-09-25 07:12:34w2024-09-25yBK c4323d4323